[Event "39th Olympiad Men"]
[Site "Khanty-Mansiysk RUS"]
[Date "2010.09.25"]
[Round "5"]
[White "Kuderinov,K"]
[Black "Barrientos,S"]
[Result "0-1"]
[WhiteElo "2481"]
[BlackElo "2464"]

1.e4 c5 2.Nf3 d6 3.Bb5+ Nc6 4.O-O Bd7 5.Re1 Nf6 6.h3 a6 7.Bf1 g6 8.c3 Bg7
9.d4 cxd4 10.cxd4 d5 11.exd5 Nxd5 12.Nc3 Be6 13.Ng5 Nxd4 14.Nxe6 fxe6 15.Re4 e5
16.Bg5 Rc8 17.Qa4+ Rc6 18.Rd1 Nb6 19.Qa5 O-O 20.Rxe5 Qd6 21.f4 Rf5 22.Ne4 Rxe5
23.fxe5 Nf3+ 24.gxf3 Qxd1 25.Qa3 Nd5 26.Bd2 Bxe5 27.Qa5 Bd4+ 28.Kh2 Nb6 29.Qb4 Qxf1
30.Qxd4 Qxf3 31.Bc3 Qf4+ 32.Kg2 e5 33.Qd3 Rc8 34.Bd2 Qf7 35.Kg3 Qe6 36.Be3 Rf8
37.Bc5 Re8 38.Be3 Qc4 39.Nf6+ Kf7 40.Qxc4+ Nxc4 41.Nxe8 Kxe8 42.Bc1 Kf7 43.Kg4 Nd6
44.b3 h5+ 45.Kf3 Ke6 46.Ba3 Ne8 47.Bc1 Nf6 48.a4 Kf5 49.h4 Nd5 50.Bg5 Nf4
51.b4 b5 52.axb5 axb5 53.Be7 e4+ 54.Kg3 Nd3 55.Bf8 g5 56.hxg5 Kxg5 57.Be7+ Kf5
58.Bf8 h4+ 59.Kg2 Kg4 60.Bd6 h3+  0-1

[Event "39th Olympiad Men"]
[Site "Khanty-Mansiysk RUS"]
[Date "2010.09.25"]
[Round "5"]
[White "Gentilleau,JP"]
[Black "Vella,D"]
[Result "1/2-1/2"]
[WhiteElo "2182"]
[BlackElo "2041"]

1.e4 c5 2.Nf3 d6 3.Bb5+ Bd7 4.Bxd7+ Qxd7 5.O-O Nc6 6.c4 Nf6 7.Nc3 g6 8.d4 cxd4
9.Nxd4 Bg7 10.Nde2 O-O 11.f3 Rac8 12.Be3 Qd8 13.Qd2 Qa5 14.Rac1 Rfd8 15.b3 a6
16.Rfd1 b5 17.Nd5 Qxd2 18.Rxd2 bxc4 19.Rxc4 Nxd5 20.Rxd5 e6 21.Rd2 d5 22.exd5 exd5
23.Ra4 d4 24.Nxd4 Nxd4 25.Bxd4 Bxd4+ 26.Raxd4 Rxd4 27.Rxd4 Rc1+ 28.Kf2 Rc2+
29.Kg3 Rxa2 30.Ra4 Rxa4 31.bxa4 Kg7  1/2-1/2

[Event "EYCC Boys U14"]
[Site "Batumi GEO"]
[Date "2010.09.26"]
[Round "7"]
[White "Beradze,I"]
[Black "Taube,G"]
[Result "0-1"]
[WhiteElo "2242"]
[BlackElo "1926"]

1.e4 c5 2.Nf3 d6 3.Bb5+ Bd7 4.Bxd7+ Nxd7 5.O-O g6 6.c3 Ngf6 7.Re1 Bg7 8.d4 Qc7
9.Qe2 O-O 10.e5 dxe5 11.dxe5 Ng4 12.Bf4 e6 13.Nbd2 Nb6 14.c4 Nd7 15.Rad1 Nh6
16.Ne4 Nf5 17.g4 Nd4 18.Nxd4 cxd4 19.Rxd4 Nxe5 20.Ng5 Qe7 21.Nxh7 Nc6 22.Rd3 Kxh7
23.Bd6 Qf6 24.Bxf8 Rxf8 25.Qf3 Qxb2 26.Rb3 Qxa2 27.Rxb7 Qxc4 28.Rc7 Qb4 29.Re3 Ne5
30.Qe4 Qb6 31.Rb7 Qa6 32.Rh3+ Kg8 33.Rhb3 Rd8 34.Rb8 Qd6 35.Qa8 Nf3+ 36.Kf1 Qd1+
37.Kg2 Qg1+  0-1

[Event "EYCC Boys U16"]
[Site "Batumi GEO"]
[Date "2010.09.26"]
[Round "7"]
[White "Mammadov,Me"]
[Black "Iskandarov,M"]
[Result "0-1"]
[WhiteElo "1832"]
[BlackElo "2181"]

1.e4 c5 2.Nf3 d6 3.Bb5+ Bd7 4.Bxd7+ Qxd7 5.O-O Nc6 6.c3 g6 7.d4 cxd4 8.cxd4 Bg7
9.Nc3 Nf6 10.Qe2 O-O 11.Bd2 a6 12.Rad1 b5 13.e5 dxe5 14.dxe5 Ng4 15.h3 Ngxe5
16.Nxe5 Nxe5 17.Bh6 Qf5 18.Bxg7 Kxg7 19.Rd5 f6 20.f4 Qe6 21.fxe5 f5 22.Rfd1 Rac8
23.a3 Rc4 24.Qe3 h6 25.Qa7 Rf7 26.Qd7 Qb6+ 27.Kh1 Rc7 28.e6 Rf8 29.Rd6 Qb8
30.Rxa6 Rxd7 31.Rxd7 Re8 32.Nd5 Qg3 33.Raa7 g5 34.Nxe7 Kf6 35.Nc6 Rxe6 36.Rf7+ Kg6
37.Ne7+ Kh5  0-1

[Event "EYCC Girls U14"]
[Site "Batumi GEO"]
[Date "2010.09.26"]
[Round "7"]
[White "Cazacu,G"]
[Black "Gueci,Laura"]
[Result "1-0"]
[WhiteElo "1630"]
[BlackElo "1749"]

1.e4 c5 2.Nf3 d6 3.Bb5+ Bd7 4.Bxd7+ Qxd7 5.c4 g6 6.d4 cxd4 7.Nxd4 Bg7 8.Nc3 Nf6
9.Be3 O-O 10.O-O Ng4 11.Bg5 Ne5 12.b3 Nbc6 13.Nde2 e6 14.Qd2 Ne7 15.Rac1 Rfd8
16.Rfd1 a6 17.f4 N5c6 18.Bh4 Qc7 19.Bf2 Rab8 20.Qc2 d5 21.exd5 exd5 22.cxd5 Nb4
23.Qe4 Qd6 24.a3 Nbxd5 25.Nxd5 Nxd5 26.f5 Re8 27.Rxd5 Rxe4 28.Rxd6 Rxe2 29.fxg6 fxg6
30.Rd7 Rf8 31.Bg3 Bh6 32.Rcd1 Be3+ 33.Kh1 b6 34.h4 Ra2 35.a4 Rb2 36.Be5 Rxb3
37.Rg7+ Kh8 38.Rxg6+ Rf6 39.Bxf6+  1-0

[Event "EYCC Girls U18"]
[Site "Batumi GEO"]
[Date "2010.09.27"]
[Round "8"]
[White "Olsarova,K"]
[Black "Tsatsalashvili,K"]
[Result "1/2-1/2"]
[WhiteElo "2203"]
[BlackElo "2266"]

1.e4 c5 2.Nf3 d6 3.Bb5+ Nd7 4.d4 cxd4 5.Qxd4 a6 6.Bxd7+ Bxd7 7.O-O Rc8 8.Nc3 e5
9.Qd3 h6 10.a4 Nf6 11.Be3 Be6 12.Nd2 Be7 13.Nd5 Bxd5 14.exd5 Ng4 15.Nc4 O-O
16.Bb6 Qd7 17.f3 Nf6 18.b3 Nh5 19.Be3 Bd8 20.Rad1 b5 21.axb5 axb5 22.Na3 Bg5
23.Bf2 Rb8 24.g3 f5 25.Qe2 Bf6 26.c4 bxc4 27.bxc4 g6 28.Nb5 Bg7 29.Ra1 Ra8
30.Ra2 Rxa2 31.Qxa2 e4 32.Qa7 Qd8 33.Bd4 exf3 34.Rxf3 Rf7 35.Qa1 Bxd4+ 36.Qxd4 Re7
37.Re3 Kf7 38.Rxe7+ Qxe7 39.Qa7 Qxa7+ 40.Nxa7 Nf6 41.Kf2 Ng4+  1/2-1/2

[Event "EYCC Boys U16"]
[Site "Batumi GEO"]
[Date "2010.09.27"]
[Round "8"]
[White "Mokshanov,A"]
[Black "Aghasaryan,R"]
[Result "0-1"]
[WhiteElo "2271"]
[BlackElo "2308"]

1.e4 c5 2.Nf3 d6 3.Bb5+ Nc6 4.Bxc6+ bxc6 5.O-O Bg4 6.c3 Nf6 7.d3 e6 8.Nbd2 Nd7
9.Qa4 Qc8 10.Re1 Bh5 11.e5 d5 12.Qc2 Be7 13.c4 O-O 14.b3 a5 15.a4 Nb8 16.Ba3 Na6
17.Rac1 Qb7 18.Qc3 Rfb8 19.Rb1 Rd8 20.Rb2 Rd7 21.h3 Bg6 22.Re2 Nb4 23.d4 Nd3
24.Ra2 cxd4 25.Qxd4 c5 26.Qa1 dxc4 27.bxc4 Rb8 28.Kh2 Rbd8 29.Qc3 Nb4 30.Ra1 Rd3
31.Qb2 Bh5 32.Re3 Rxe3 33.fxe3 Qd7 34.Bxb4 cxb4 35.Nb3 Bxf3 36.gxf3 Qd3 37.Re1 Qxc4
38.Nxa5 Qd5 39.Nb3 Qxf3 40.a5 Bh4 41.Rg1 Bf2 42.Rg2 Bxe3  0-1

[Event "USCL"]
[Site "ICC INT"]
[Date "2010.09.27"]
[Round "6"]
[White "Dehmelt,K"]
[Black "Arjun,V"]
[Result "0-1"]
[WhiteElo "2285"]
[BlackElo "2309"]

1.e4 c5 2.Nf3 d6 3.Bb5+ Bd7 4.Bxd7+ Qxd7 5.O-O Nc6 6.c3 Nf6 7.d4 cxd4 8.cxd4 d5
9.e5 Ne4 10.Ne1 f6 11.f3 Ng5 12.Bxg5 fxg5 13.Qd2 e6 14.Nc2 Be7 15.Nc3 O-O
16.Rad1 Rac8 17.Kh1 Na5 18.Qd3 b5 19.Ne3 Nc4 20.Rf2 Rc7 21.Ng4 Rfc8 22.Nb1 b4
23.Rdf1 Qb5 24.Qe2 h5 25.Ne3 Qb6 26.b3 Na3 27.Nxa3 bxa3 28.Qd1 Rc3 29.Rc2 Bb4
30.Rxc3 Bxc3 31.Nc2 Bb2 32.f4 g4 33.Qd3 Qc6 34.Rf2 Rf8 35.g3 Qe8 36.f5 h4
37.gxh4 Qh5 38.Kg2 exf5 39.Qg3 Bc1 40.Ne3 Bxe3 41.Qxe3 Qxh4 42.Qg3 Qg5 43.Qf4 Qxf4
44.Rxf4 g6 45.Rf2 Rc8 46.Re2 Rc3 47.e6 Kf8 48.Re5 Ke7 49.b4 f4 50.Rxd5 Rc2+
51.Kg1 Rxa2 52.Ra5 Kxe6 53.b5 Rb2 54.Rxa3 Rxb5 55.Rxa7 Kd5 56.Rd7+ Ke4 57.Ra7 Rb1+
58.Kf2 Rb2+ 59.Kg1 Kxd4 60.Ra4+ Ke5 61.Ra5+ Ke4 62.Ra4+ Kf5 63.Ra5+ Kf6 64.Ra4 Kg5
65.Rc4 f3 66.Rc8 g3 67.hxg3 Kg4 68.Rg8 g5 69.Rg7 Rg2+ 70.Kf1 Rxg3 71.Rg8 Rg2
72.Rg7 Ra2 73.Rg8 Kf4  0-1

[Event "39th Olympiad Men"]
[Site "Khanty-Mansiysk RUS"]
[Date "2010.09.27"]
[Round "6"]
[White "McShane,L"]
[Black "Elsness,F"]
[Result "1/2-1/2"]
[WhiteElo "2657"]
[BlackElo "2485"]

1.e4 c5 2.Nf3 d6 3.Bb5+ Bd7 4.Bxd7+ Qxd7 5.c4 g6 6.Nc3 Bg7 7.d4 cxd4 8.Nxd4 Nc6
9.Be3 Nf6 10.h3 O-O 11.O-O a6 12.a4 Rac8 13.b3 e6 14.Rc1 Rfd8 15.Qf3 Qe7
16.Rfd1 Nd7 17.Nde2 Nc5 18.Rb1 Nb4 19.Qg3 Be5 20.Bf4 Bxf4 21.Qxf4 Rd7 22.Qe3 Rcd8
23.Nf4 Qf8 24.Qd2 a5 25.Qe3 Qg7 26.Rd2 Qe5 27.Re2 Nbd3 28.Nxd3 Qxc3 29.Nf4 Qxe3
30.Rxe3 Na6 31.Rd1 Nb4 32.Re2 Kf8 33.f3 Ke7 34.Kf2 h5 35.h4 Na6 36.Re3 Nc5
37.Rc1 Kf6 38.Rcc3 Ke7 39.Re2 Kf6 40.Rd2 Ke7 41.Nd3 Na6 42.Rd1 Nc5 43.Ke3 Na6
44.Ke2 Nc5 45.Rd2 Na6 46.Nf4 Nc5 47.Re3 Rc7 48.Kd1 Rcd7 49.Kc2 Rc8 50.Ne2 Rcd8
51.Nc3 Na6 52.Nb5 Nc5 53.Rd1 Na6 54.Kc3 Nb4 55.Rh1 Rh8 56.Rh3 Na6 57.Rg3 Rc8
58.Kb2 Nc5 59.Nc3 Na6 60.Ne2 Kf6 61.Rg5 Rc5 62.f4 Nb4 63.Nc3 Kg7 64.Reg3 Rxg5
65.hxg5 Kf8 66.Re3 Ke7 67.Nb5 Rd8 68.Kc3 Rc8 69.Kd2 Na6 70.Ke2 Nc5 71.Kf3 Rd8
72.Kg3 Rg8 73.Kh4 Rc8 74.f5 Rf8 75.f6+ Kd7 76.Nd4 Ra8 77.Kg3 Rc8 78.Kf2 e5
79.Nf3 Rc6 80.Ke1 Rb6 81.Nd2 Ne6 82.Rg3 Nd4 83.Kd1 Rb4 84.Re3 Ne6 85.Nf3 Nc5
86.Kc2 Rb6 87.Nd2 Ne6 88.Rg3 Nd4+ 89.Kb2 Ne6 90.Ka3 Nc5 91.Re3 Ne6 92.Nf3 Nf4
93.g3 Ne6 94.Rd3 Nc5 95.Re3 Ne6 96.Kb2 Nc5 97.Kc2 Ra6 98.Re1 Rb6 99.Re3 Ra6
100.Ng1 Ne6 101.Nf3 Nc5 102.Kd1 Rb6 103.Kc2 Kc6 104.Nd2 Ne6 105.Nf3 Nc5 106.Nd2 Ra6
107.Re1 Ne6 108.Nf3 Rb6 109.Re2 Nc5 110.Nd2 Ne6 111.Nf3 Kc5 112.Re3 Kc6 113.Rd3 Nc5
114.Re3 Ra6 115.Re1 Rb6 116.Re3 Ne6 117.Rd3 Nc5 118.Re3 Ra6 119.Re1 Ne6 120.Kc3 Nc5
121.Kc2 Rb6 122.Re3 Ne6 123.Rd3 Nc5 124.Re3 Ne6 125.Rd3 Nc5 126.Re3 Ne6 127.Rd3 Nc5  1/2-1/2

[Event "39th Olympiad Men"]
[Site "Khanty-Mansiysk RUS"]
[Date "2010.09.27"]
[Round "6"]
[White "Mathews,C"]
[Black "Klerides,P"]
[Result "0-1"]
[WhiteElo "1960"]
[BlackElo "2194"]

1.e4 c5 2.Nf3 d6 3.Bb5+ Nc6 4.O-O Bd7 5.Re1 e6 6.b3 Be7 7.Bb2 Nf6 8.Bf1 O-O
9.d4 cxd4 10.Nxd4 a6 11.c4 Nxd4 12.Qxd4 Rc8 13.Nc3 Qa5 14.Rad1 Qc7 15.h3 Rfd8
16.g4 Ne8 17.Bg2 Bf6 18.Qd2 b5 19.Bf1 Qb7 20.g5 Be7 21.f4 Bc6 22.f5 b4 23.Nd5 Bf8
24.g6 hxg6 25.fxg6 fxg6 26.Nf4 Qa7+ 27.Kh2 Qf7 28.Bd3 g5 29.Ng2 Be7 30.Rf1 Qh5
31.Qxb4 Nf6 32.Qe1 Ng4+ 33.Kg3 Ne5 34.Be2 Qg6 35.Bxe5 dxe5 36.Rxd8+ Rxd8
37.Bf3 Rd4 38.Qa5 g4 39.hxg4 Bxe4 40.Ne3 Qh6 41.Ng2 Bxf3 42.Rxf3 e4 43.Rf1 Bd6+
44.Kf2 Rd2+  0-1

[Event "39th Olympiad Women"]
[Site "Khanty-Mansiysk RUS"]
[Date "2010.09.27"]
[Round "6"]
[White "Muzychuk,M"]
[Black "Galliamova,A"]
[Result "0-1"]
[WhiteElo "2464"]
[BlackElo "2482"]

1.e4 c5 2.Nf3 d6 3.Bb5+ Nc6 4.O-O Bd7 5.Re1 Nf6 6.c3 a6 7.Bf1 Bg4 8.d4 cxd4
9.cxd4 e5 10.d5 Nd4 11.Be3 Nxf3+ 12.gxf3 Bd7 13.a4 Be7 14.Na3 O-O 15.Nc4 Nh5
16.Nb6 Rb8 17.Qd2 Be8 18.Bh3 g6 19.a5 f5 20.Bh6 Rf6 21.Kh1 fxe4 22.fxe4 Nf4
23.Ra3 Nxh3 24.Rxh3 Rf7 25.f4 exf4 26.Bxf4 Bb5 27.Rg1 Qf8 28.Bh6 Qe8 29.Qe3 Bf6
30.b3 Qe7 31.Rf3 Re8 32.Rg4 Be5 33.Rg2 Rxf3 34.Qxf3 Qh4 35.Qe3 Qh5 36.Nc4 Bxc4
37.bxc4 Qd1+ 38.Rg1 Qc2 39.Bf4 Bxf4 40.Qxf4 Qxc4 41.Re1 Qb4 42.Qh4 Qxa5 43.Rf1 Qb4
44.Rf4 Qd4 45.Qg4 Qe5 46.Kg2 a5 47.h4 b5 48.Qd7 b4 49.h5 gxh5 50.Rf3 Kh8
51.Rg3 Qe7 52.Qa4 Qxe4+ 53.Kh2 Qh4+ 54.Kg2 Re2+ 55.Kf1 Re5  0-1

[Event "EYCC Boys U14"]
[Site "Batumi GEO"]
[Date "2010.09.28"]
[Round "9"]
[White "Beradze,I"]
[Black "Korchmar,V"]
[Result "1/2-1/2"]
[WhiteElo "2242"]
[BlackElo "2214"]

1.e4 c5 2.Nf3 d6 3.Bb5+ Bd7 4.Bxd7+ Qxd7 5.O-O Nc6 6.c3 Nf6 7.d4 cxd4 8.cxd4 d5
9.e5 Ne4 10.Ne1 Qf5 11.Qd3 Qh5 12.f3 Ng5 13.Nc3 f6 14.f4 Ne6 15.Be3 fxe5
16.fxe5 O-O-O 17.Rc1 Kb8 18.b4 g6 19.Ne2 Bh6 20.Nf3 Bxe3+ 21.Qxe3 g5 22.Qd2 g4
23.Ng3 Qg6 24.b5 gxf3 25.bxc6 fxg2 26.Rf3 b6 27.Qxg2 Rc8 28.Nf5 Rc7 29.Kh1 Rf8
30.Qf1 Ng5 31.Rf4 Ne4 32.Ne3 Rd8 33.Nxd5 Qh6 34.Rxe4 Rxd5 35.Qf4 Rxc6 36.Qxh6 Rxh6
37.Rf4 Rh3 38.Kg2 Rd3 39.Rc4 Rd2+ 40.Kf3  1/2-1/2

[Event "39th Olympiad Men"]
[Site "Khanty-Mansiysk RUS"]
[Date "2010.09.28"]
[Round "7"]
[White "Atabayev,Y"]
[Black "Li Chao2"]
[Result "0-1"]
[WhiteElo "2313"]
[BlackElo "2633"]

1.e4 c5 2.Nf3 d6 3.Bb5+ Bd7 4.Bxd7+ Qxd7 5.O-O Nf6 6.Qe2 Nc6 7.c3 e6 8.d4 cxd4
9.cxd4 d5 10.e5 Ne4 11.Rd1 Be7 12.Ne1 f6 13.f3 Ng5 14.Nc3 O-O 15.f4 Nf7 16.Nf3 Nh6
17.Be3 fxe5 18.Nxe5 Nxe5 19.fxe5 Nf5 20.Bf2 Rac8 21.Qd3 Bg5 22.Rf1 a6 23.Ne2 Qb5
24.Qxb5 axb5 25.g4 Nh6 26.h3 Rc2 27.Nc3 b4 28.Nd1 Rf3 29.Kg2 Rd3 30.a4 Rxd4
31.a5 Nf7 32.a6 bxa6 33.Rxa6 Nxe5 34.Rxe6 Nd3 35.Kg3 Nxf2 36.Nxf2 h6 37.Rd1 Bf4+
38.Kh4 Rxd1 39.Nxd1 Rd2 40.Ne3 Re2  0-1

[Event "39th Olympiad Men"]
[Site "Khanty-Mansiysk RUS"]
[Date "2010.09.28"]
[Round "7"]
[White "Sanduleac,V"]
[Black "Chua,Z"]
[Result "0-1"]
[WhiteElo "2446"]
[BlackElo "2280"]

1.e4 c5 2.Nf3 d6 3.Bb5+ Bd7 4.Bxd7+ Qxd7 5.O-O Nc6 6.c3 Nf6 7.Qe2 e6 8.Rd1 Be7
9.d4 cxd4 10.cxd4 d5 11.e5 Ne4 12.Be3 O-O 13.Ne1 f5 14.Nd3 Rac8 15.f3 Ng5
16.Nc3 b6 17.Rac1 Nf7 18.Kh1 Na5 19.Rg1 g5 20.Rc2 b5 21.Bf2 b4 22.Nb1 b3
23.axb3 Nxb3 24.Nc1 Na5 25.Nc3 Rc4 26.b3 Rc7 27.Nxd5 exd5 28.e6 Rxc2 29.exf7+ Rxf7
30.Qxc2 Qc6 31.Qe2 Bf6 32.Qd3 Qd7 33.b4 Nc6 34.Qc3 Qc7 35.Qc5 Rd7 36.Nd3 Qb6
37.Qc1 h6 38.Qb1 Bxd4 39.Nc5 Rf7 40.Bxd4 Nxd4 41.Qa2 Qd6 42.Rd1 Qe5 43.Qa1 Re7
44.Nd3 Qe3 45.Re1 Ne2 46.Qf6 Qe6 47.Qb2 h5 48.Rf1 d4 49.Nc5 Qc4 50.Rd1 a5
51.Nd3 Nc3 52.Qc1 f4 53.bxa5 Qb5 54.Re1 Re3 55.Nf2 Qxa5 56.Rg1 Kg7 57.Qd2 Qe5
58.Nd3 Re2 59.Qc1 Qe3 60.h4 Qxd3 61.Qa3 Qg6 62.Qa7+ Kg8 63.Qxd4 Re3 64.Ra1 Ne2
65.Qd5+ Re6 66.Ra8+ Kg7 67.Ra7+ Kf8 68.Ra8+ Kg7 69.Ra7+ Kf8 70.Ra8+ Kg7 71.Ra7+ Kh8
72.Ra8+ Re8 73.Qe5+ Kh7 74.Qc7+ Kh8 75.Qe5+ Kh7 76.Qc7+ Kh6 77.hxg5+ Kxg5
78.Qc5+ Kh4 79.Rxe8 Qxe8 80.Kh2 Qe3  0-1

[Event "39th Olympiad Women"]
[Site "Khanty-Mansiysk RUS"]
[Date "2010.09.29"]
[Round "8"]
[White "Algildah,N"]
[Black "Gutierrez,L"]
[Result "1-0"]
[WhiteElo "1932"]
[BlackElo "2062"]

1.e4 c5 2.Nf3 d6 3.Bb5+ Bd7 4.Bxd7+ Nxd7 5.O-O Ngf6 6.Qe2 Qc7 7.c4 e6 8.Nc3 a6
9.Re1 Be7 10.d3 O-O 11.Bg5 Rfe8 12.h3 Rad8 13.Bf4 Ne5 14.Nd2 Nc6 15.Nb3 Nd7
16.Rad1 Bf6 17.Bh2 Nd4 18.Qd2 Ne5 19.Nxd4 cxd4 20.Ne2 Qb6 21.Kh1 a5 22.Rb1 Qc5
23.f4 Nc6 24.Rf1 Qb4 25.Qd1 b5 26.b3 Rb8 27.g4 bxc4 28.dxc4 Qc5 29.g5 Be7
30.h4 Rbd8 31.Bg1 e5 32.f5 Bf8 33.Ng3 Nb4 34.Rb2 a4 35.f6 g6 36.h5 Rd7 37.Qf3 a3
38.Rh2 Qc7 39.Rhf2 d5 40.hxg6 hxg6 41.Qg4  1-0

[Event "39th Olympiad Men"]
[Site "Khanty-Mansiysk RUS"]
[Date "2010.09.29"]
[Round "8"]
[White "Heidenfeld,M"]
[Black "Arenas,D"]
[Result "0-1"]
[WhiteElo "2360"]
[BlackElo "2457"]

1.e4 c5 2.Nf3 d6 3.Bb5+ Nc6 4.d4 cxd4 5.Qxd4 Bd7 6.Bxc6 Bxc6 7.c4 Nf6 8.Nc3 g6
9.O-O Bg7 10.Qd3 O-O 11.Nd4 Qb6 12.Ndb5 Ng4 13.Qe2 a6 14.Qxg4 axb5 15.Nd5 Bxd5
16.cxd5 Ra4 17.Qe2 Qa6 18.Bg5 h6 19.b3 Ra5 20.Bd2 Rxa2 21.Rxa2 Qxa2 22.Qd3 Rc8
23.Bb4 Kh7 24.Qf3 Kg8 25.Qd3 Qc2 26.Qxb5 Qxb3 27.Qxb7 Rc4 28.Qa8+ Kh7 29.Bd2 Rxe4
30.Re1 Rxe1+ 31.Bxe1 Bc3 32.Qe8 Kg7 33.Qxe7 Qd1 34.Kf1 Qxe1+ 35.Qxe1 Bxe1
36.Kxe1 Kf6  0-1

[Event "39th Olympiad Men"]
[Site "Khanty-Mansiysk RUS"]
[Date "2010.09.30"]
[Round "9"]
[White "Cuartas,Ja"]
[Black "Kulaots,K"]
[Result "1-0"]
[WhiteElo "2526"]
[BlackElo "2592"]

1.e4 c5 2.Nf3 d6 3.Bb5+ Nc6 4.O-O Bd7 5.c3 Nf6 6.Re1 a6 7.Ba4 c4 8.h3 Ne5
9.Nxe5 dxe5 10.Bc2 g5 11.d4 cxd3 12.Bxd3 g4 13.hxg4 Nxg4 14.Bc4 h5 15.Bg5 h4
16.Qb3 Rh7 17.Qxb7 Rb8 18.Qa7 Rxb2 19.Nd2 f6 20.Rab1 Rxb1 21.Rxb1 h3 22.gxh3 Nxf2
23.Rb8 Nxh3+ 24.Kf1 Bc8 25.Qa8 Kd7 26.Rxc8 Qb6 27.Be3  1-0

[Event "39th Olympiad Men"]
[Site "Khanty-Mansiysk RUS"]
[Date "2010.09.30"]
[Round "9"]
[White "Gumpo,Thabo"]
[Black "Ortiz Q,J"]
[Result "1/2-1/2"]
[WhiteElo "1945"]
[BlackElo "2179"]

1.e4 c5 2.Nf3 d6 3.Bb5+ Nd7 4.O-O a6 5.Bxd7+ Bxd7 6.d4 Qc7 7.Nc3 e6 8.dxc5 dxc5
9.Re1 Ne7 10.Bg5 Ng6 11.Nd5 Qd6 12.Nh4  1/2-1/2

[Event "39th Olympiad Men"]
[Site "Khanty-Mansiysk RUS"]
[Date "2010.09.30"]
[Round "9"]
[White "Eid,Fa"]
[Black "Haznedaroglu,K"]
[Result "0-1"]
[WhiteElo "2387"]
[BlackElo "2483"]

1.e4 c5 2.Nf3 d6 3.Bb5+ Bd7 4.Bxd7+ Qxd7 5.O-O Nc6 6.c3 Nf6 7.d4 Nxe4 8.d5 Ne5
9.Nxe5 dxe5 10.Re1 Nf6 11.Rxe5 e6 12.c4 O-O-O 13.Nc3 Bd6 14.Re1 exd5 15.cxd5 Qf5
16.h3 h5 17.Qf3 Qxf3 18.gxf3 Rhe8 19.Bg5 Rxe1+ 20.Rxe1 Re8 21.Re3 Re5 22.Bxf6 gxf6
23.Kf1 a6 24.Ke2 Kc7 25.b3 b5 26.Kd3 Rf5 27.Ke2 Rf4 28.Re8 c4 29.Ne4 cxb3
30.axb3 f5 31.Nf6 Rd4 32.Ra8 Kb6 33.Rd8 Be7 34.Rc8 Bxf6 35.Rc6+ Ka5 36.Rxf6 Rxd5
37.Ke3 Kb4 38.Rxa6 Kxb3 39.Rf6 b4 40.Rxf7 Kc4 41.Rc7+ Rc5 42.Ra7 Kc3 43.Kf4 b3
44.Rb7 b2 45.Kg5 f4+ 46.Kh4 Rc4 47.Rxb2 Kxb2 48.Kxh5 Kc3  0-1

[Event "39th Olympiad Men"]
[Site "Khanty-Mansiysk RUS"]
[Date "2010.09.30"]
[Round "9"]
[White "Flaquer,L"]
[Black "Fekadu,D"]
[Result "1-0"]
[WhiteElo "2274"]
[BlackElo "2204"]

1.e4 c5 2.Nf3 d6 3.Bb5+ Bd7 4.Bxd7+ Nxd7 5.O-O Ngf6 6.d4 cxd4 7.Re1 e5 8.c3 dxc3
9.Nxc3 Be7 10.Bg5 O-O 11.Bxf6 Nxf6 12.Qb3 Qb8 13.Nd2 a6 14.a4 b6 15.Nc4 Bd8
16.Ne3 Ra7 17.Red1 Rb7 18.Qb4 Be7 19.Nf5 Rd8 20.Rd3 Bf8 21.Qb3 b5 22.axb5 axb5
23.Nd5 Nxe4 24.Qb4 Nc5 25.Nf6+ Kh8 26.Rh3 h6 27.Rxh6+  1-0

[Event "21st Open"]
[Site "Goch GER"]
[Date "2010.10.01"]
[Round "2.2"]
[White "Schebler,G"]
[Black "Thomas,In"]
[Result "1-0"]
[WhiteElo "2474"]
[BlackElo "2107"]

1.Nf3 c5 2.e4 d6 3.Bb5+ Bd7 4.Bxd7+ Qxd7 5.O-O Nf6 6.Re1 Nc6 7.c3 e6 8.d3 Be7
9.Nbd2 O-O 10.Nf1 b5 11.Ng3 b4 12.c4 Rfe8 13.h3 Rad8 14.Nh2 Kh8 15.f4 d5
16.cxd5 exd5 17.e5 Ng8 18.Nf3 Nh6 19.Be3 Rc8 20.Rc1 Na5 21.Bf2 Rc7 22.Ng5 Bf8
23.Qh5 g6 24.Qh4 c4 25.dxc4 Nxc4 26.Bd4 Kg8 27.Rcd1 Bg7 28.f5 Nxf5 29.Nxf5 Qxf5
30.Rf1 Qc2 31.Qxh7+ Kf8 32.e6 f5 33.Bxg7+  1-0

[Event "21st Open"]
[Site "Goch GER"]
[Date "2010.10.01"]
[Round "3.43"]
[White "Dorr,Y"]
[Black "Welzel,P"]
[Result "0-1"]
[WhiteElo "1824"]
[BlackElo "2046"]

1.e4 c5 2.Nf3 d6 3.Bb5+ Bd7 4.Bxd7+ Qxd7 5.O-O Nc6 6.c3 Nf6 7.Re1 e6 8.d4 cxd4
9.cxd4 d5 10.e5 Ne4 11.Nbd2 Nxd2 12.Bxd2 Be7 13.Rc1 O-O 14.a3 Rfc8 15.h3 h6
16.Bc3 Qd8 17.Rc2 Na5 18.Bxa5 Qxa5 19.Qd3 b5 20.Rec1 Rc4 21.g3 Qb6 22.Kg2 Rac8
23.a4 Qc7 24.Rxc4 bxc4 25.Qc3 Qb6 26.Kf1 Rb8 27.Rb1 Qa6 28.Qc2 Rb4 29.Ra1 c3+
30.Kg2 cxb2 31.Rb1 Qb6 32.a5 Qxa5 33.Rxb2 Rxb2 34.Qxb2 Qb4 35.Qc2 a5 36.Qc8+ Bf8
37.g4 a4 38.Qe8 a3 39.g5 hxg5 40.Nxg5 Qe7  0-1

[Event "39th Olympiad Men"]
[Site "Khanty-Mansiysk RUS"]
[Date "2010.10.01"]
[Round "10"]
[White "Adams,Mi"]
[Black "Van Wely,L"]
[Result "1/2-1/2"]
[WhiteElo "2728"]
[BlackElo "2679"]

1.e4 c5 2.Nf3 d6 3.Bb5+ Bd7 4.Bxd7+ Qxd7 5.c4 Nf6 6.Nc3 g6 7.d4 cxd4 8.Nxd4 Bg7
9.f3 O-O 10.Be3 Nc6 11.O-O e6 12.Rc1 Rac8 13.b3 Rfd8 14.Re1 a6 15.Nxc6 Qxc6
16.a4 b6 17.Re2 Nd7 18.Rd2 Qc7 19.Kh1 Nc5 20.Bg5 Rd7 21.Ne2 Nb7 22.Be3 Na5
23.h3 Qb7 24.Nf4 h6 25.Nd3 Kh7 26.Rb1 Nc6 27.b4 Bc3 28.Rc2 Bd4 29.Qd2 Bxe3
30.Qxe3 Ne5 31.Rbc1 Nxd3 32.Qxd3 Qc6  1/2-1/2

[Event "39th Olympiad Men"]
[Site "Khanty-Mansiysk RUS"]
[Date "2010.10.01"]
[Round "10"]
[White "Kirby,Pe"]
[Black "Murara,Maxence"]
[Result "0-1"]
[WhiteElo "2031"]
[BlackElo "1685"]

1.e4 c5 2.Nf3 d6 3.Bb5+ Nd7 4.d4 cxd4 5.Qxd4 a6 6.Bxd7+ Bxd7 7.Nc3 Nf6 8.Bg5 e5
9.Qd3 Bc6 10.O-O-O h6 11.Bh4 g5 12.Bg3 Qa5 13.Nd2 b5 14.Nb3 Qc7 15.f3 Rc8
16.Kb1 b4 17.Nd5 Nxd5 18.exd5 Bb5 19.Qd2 a5 20.h4 gxh4 21.Bxh4 h5 22.Bg5 Bd7
23.g4 a4 24.Nc1 f5 25.Rxh5 Rxh5 26.gxh5 f4 27.Qd3 Bh3 28.Qg6+ Qf7 29.Qxf7+ Kxf7
30.Nd3 Rc4 31.Kc1 Bf5 32.Rd2 Be7 33.Bxe7 Kxe7 34.Kd1 Kf6 35.Rg2 b3 36.axb3 axb3
37.Nc1 bxc2+ 38.Ke1 Rd4 39.Rd2 Ra4 40.Nb3 Ra1+  0-1

[Event "39th Olympiad Men"]
[Site "Khanty-Mansiysk RUS"]
[Date "2010.10.01"]
[Round "10"]
[White "Movsesian,S"]
[Black "Topalov,V"]
[Result "1-0"]
[WhiteElo "2723"]
[BlackElo "2803"]

1.e4 c5 2.Nf3 d6 3.Bb5+ Nd7 4.d4 cxd4 5.Qxd4 a6 6.Bxd7+ Bxd7 7.Bg5 Rc8 8.Nc3 h6
9.Bh4 e5 10.Qd3 g5 11.Bg3 Nf6 12.h4 g4 13.Nd2 b5 14.a3 Be6 15.O-O Be7 16.Rfd1 Qb6
17.Nf1 Rc4 18.Nd2 Rd4 19.Qe3 Qc6 20.Re1 Bd8 21.Nb3 Rc4 22.Rad1 Bb6 23.Qd3 Rxc3
24.bxc3 Ke7 25.Qd2 Rg8 26.Kh2 Rg6 27.c4 bxc4 28.Na5 Qc7 29.Nb7 Ne8 30.Rb1 a5
31.h5 Rg5 32.Bh4 f6 33.Bxg5 fxg5 34.c3 Ba7 35.Red1 Bd7 36.Qd5 g3+ 37.Kxg3  1-0

[Event "39th Olympiad Women"]
[Site "Khanty-Mansiysk RUS"]
[Date "2010.10.03"]
[Round "11"]
[White "Arribas Robaina,M"]
[Black "Solic,K"]
[Result "1/2-1/2"]
[WhiteElo "2282"]
[BlackElo "2225"]

1.e4 c5 2.Nf3 d6 3.Bb5+ Bd7 4.Bxd7+ Qxd7 5.O-O Nf6 6.d3 g6 7.e5 dxe5 8.Nxe5 Qc8
9.Re1 Bg7 10.Nc4 Qc7 11.Nc3 O-O 12.Bg5 Nc6 13.Bxf6 Bxf6 14.Nd5 Qd8 15.Nxf6+ exf6
16.Qd2 b5 17.Ne3 Qd4 18.a4 a6 19.axb5 axb5 20.Rxa8 Rxa8 21.c3 Qd6 22.Rd1 f5
23.h3 Rd8 24.Qe2 Qe7 25.Qf1 Qe6 26.Rd2 f4 27.Nc2 Qb3 28.Qd1 Ne5 29.Ne1 Qd5
30.b3 b4 31.cxb4 cxb4 32.d4 Nc6 33.Nf3 Na5 34.Rd3 Rc8 35.Qd2 Nxb3 36.Qxb4 Na5
37.Rc3 Rxc3 38.Qxc3 Nc6 39.Kf1 Qb5+ 40.Ke1 Qb1+ 41.Ke2 Qe4+ 42.Kd2 Ne7 43.Qc7 f6
44.Qd8+ Kf7 45.Qd7 Qa8 46.Qc7 Qa2+ 47.Qc2 Qxc2+ 48.Kxc2 Ke6 49.Kd3 Kd5 50.Ng1 g5
51.Ne2 f5 52.Nc3+ Kd6 53.Kc4 g4 54.hxg4 fxg4 55.Kd3 Nd5 56.Ne2 h5 57.Ke4 h4
58.Nxf4 Nc3+ 59.Kf5 g3 60.fxg3 hxg3 61.Kg4 Nb5 62.Ne2 Kd5 63.Kxg3 Ke4 64.Kf2 Nd6
65.g4 Nf7 66.Kg3 Ke3 67.d5 Nd6 68.Nc3 Kd4 69.Kf4 Kxc3 70.Ke5 Nf7+ 71.Kf6 Nd6
72.Ke6 Ne4 73.Ke5 Kd3 74.d6 Nxd6 75.Kxd6 Ke4 76.g5 Kf5  1/2-1/2

[Event "39th Olympiad Men"]
[Site "Khanty-Mansiysk RUS"]
[Date "2010.10.03"]
[Round "11"]
[White "Hess,Ro"]
[Black "Hernandez Carmenates,Hold"]
[Result "1/2-1/2"]
[WhiteElo "2596"]
[BlackElo "2563"]

1.e4 c5 2.Nf3 d6 3.Bb5+ Bd7 4.Bxd7+ Qxd7 5.c4 Nf6 6.Nc3 g6 7.O-O Bg7 8.d4 cxd4
9.Nxd4 O-O 10.f3 Rc8 11.b3 d5 12.exd5 Nxd5 13.Nxd5 e6 14.Ba3 exd5 15.c5 Nc6
16.Bb2 Qe7 17.Nxc6 Qe3+ 18.Kh1 bxc6 19.Bxg7 Kxg7 20.Qc2 Re8 21.Rad1 a5 22.h3 Re6
23.Rd3 Qe2 24.Rc1 Rae8 25.Qc3+ f6 26.Rd2 Qb5 27.Rd4 Re3 28.Qa1 Qb8 29.Rg1 h5
30.Rd2 Qg3 31.Qd4 g5 32.Qa4 Qc7 33.b4 axb4 34.Qxb4 Rb8 35.Qa4 Rbe8 36.Rb2 Rc3
37.Qa6 Re7 38.Qa8 Qd7 39.Rb8 Rxf3 40.Rg8+ Kh7 41.Rh8+ Kg6 42.Qg8+ Rg7 43.Qb8 Re3
44.Qb1+ Re4 45.Rf1 g4 46.Qc1 Rh7 47.Rg8+ Rg7 48.Rxf6+ Kxf6 49.Qh6+ Ke5 50.Rxg7 Qe8
51.Qd2 gxh3 52.Qc3+ d4 53.Qf3 hxg2+ 54.Kxg2 d3 55.Qxd3 Kf6 56.Rg3 Rg4 57.Rxg4 hxg4
58.a4 Qe5 59.a5 Kg5 60.a6 Qb2+ 61.Kg3 Qe5+ 62.Kg2 Qb2+ 63.Kf1 Kf4 64.Qe2 Qa3
65.Kg2 Qg3+ 66.Kf1 Qa3 67.Qc4+ Kg3 68.Ke2 Kh2 69.Qf4+ g3 70.Qh4+ Kg2 71.Qe4+ Kh2
72.Qh4+ Kg2 73.Qe4+ Kh2 74.Qh7+ Kg2 75.a7 Qb2+ 76.Ke3 Qc1+ 77.Kd4 Qb2+ 78.Ke3 Qc1+
79.Kd4 Qb2+  1/2-1/2